Central Library OPAC University of Rajshahi

East Pakistan as it is now & some of its urgent needs & requirements / (Record no. 64774)

MARC details
000 -LEADER
fixed length control field 00735nam a2200229 a 4500
001 - CONTROL NUMBER
control field 64774
003 - CONTROL NUMBER IDENTIFIER
rucl marc code BD-RjUL
005 - DATE AND TIME OF LATEST TRANSACTION
control field 20211209081341.0
008 - FIXED-LENGTH DATA ELEMENTS--GENERAL INFORMATION
fixed length control field 170222s1956 b ||||| |||| 00| 0 eng d
035 ## - SYSTEM CONTROL NUMBER
System control number (BD-RjUL)64904
040 ## - CATALOGING SOURCE
Original cataloging agency BD-RjUL
Language of cataloging eng
Transcribing agency BD-RjUL
Modifying agency BD-RjUL
041 ## - LANGUAGE CODE
Language code of text/sound track or separate title eng
082 ## - DEWEY DECIMAL CLASSIFICATION NUMBER
Edition number 23
Classification number 954.72
Author mark and year AHE 1956
100 ## - MAIN ENTRY--PERSONAL NAME
Personal name Ahmad, Szed Nur
9 (RLIN) 192067
245 10 - TITLE STATEMENT
Title East Pakistan as it is now & some of its urgent needs & requirements /
Statement of responsibility, etc. Szed Nur Ahmad
260 ## - PUBLICATION, DISTRIBUTION, ETC. (IMPRINT)
Place of publication, distribution, etc. Chittagong :
Name of publisher, distributor, etc. Cooperative Book,
Date of publication, distribution, etc. 1956
300 ## - PHYSICAL DESCRIPTION
Pagination iv, 143 p, ;
Size 17 cm.
650 ## - SUBJECT ADDED ENTRY--TOPICAL TERM
Topical term or geographic name as entry element Pakistan -- Social conditions.
9 (RLIN) 192068
Topical term or geographic name as entry element Pakistan -- Economic conditions.
9 (RLIN) 192069
Topical term or geographic name as entry element Economic history.
9 (RLIN) 172944
942 ## - ADDED ENTRY ELEMENTS (KOHA)
Source of classification or shelving scheme Dewey Decimal Classification
Koha item type Books
Holdings
Lost status Source of classification or shelving scheme Damaged status Not for loan Collection code Permanent Location Current Location Shelving location Date acquired Source of acquisition Total Checkouts Full call number Date last seen Copy number Koha item type
  Dewey Decimal Classification   Not For Loan Non-fiction Central Library, University of Rajshahi Central Library, University of Rajshahi Reading Room 17/12/1957 Nur Ahu.   954.72 AHE 1956 22/02/2017 C-1 Books
  Dewey Decimal Classification     Non-fiction Central Library, University of Rajshahi Central Library, University of Rajshahi   12/02/1957 Office Superier   954.72 AHE 1956 05/03/2017 C-2 Books